000
nam a22 7a 4500
999
_c
55596
_d
55596
003
OSt
005
20220920113408.0
008
220920b xxu||||| |||| 00| 0 eng d
040
_c
IIMT UNIVERSITY, MEERUT
100
_a
BAGLEY, DESMOND
245
_a
LANDSLIDE
260
_a
FONTANA PUB.
_b
LONDON
_c
1967
300
_a
253
942
_2
ddc
_c
09